| 000 | 00723nam a2200217 a 4500 | ||
|---|---|---|---|
| 001 | 50689 | ||
| 003 | BD-RjUL | ||
| 005 | 20211209075540.0 | ||
| 008 | 160828s1953 pk ||||| |||| 00| 0 eng d | ||
| 035 | _a(BD-RjUL) 50809 | ||
| 040 |
_aBD-RjUL _beng _cBD-RjUL |
||
| 041 | _aeng | ||
| 082 |
_223 _a370.9547 _bPAP 1953 |
||
| 110 | 2 |
_aPakistan. _bMinistry of education _9154273 |
|
| 245 | 1 | 0 |
_aProceedings of the Second Meeting of the Pakistan National Commission for Cooperation with Unesco / _cPakistan ; Ministry of education |
| 260 |
_aLarachi : _bThe Manager of Publications, _c1957 |
||
| 300 |
_a133 p. ; _c23 cm. |
||
| 650 |
_aEducation _zPakistan _9129101 |
||
| 710 |
_aMinistry of education _9151768 |
||
| 942 |
_2ddc _cBK |
||
| 999 |
_c50689 _d50689 |
||